000 00373nam a2200145Ia 4500
005 20240823064019.0
008 240823s9999||||xx |||||||||||||| ||und||
082 _A004 Q1
100 _aLoveleen Gaur
245 0 _aFundamentals of Computers
260 _c2011
_bVrinda Publica
_aDelhi
500 _aYES
650 _aComputers in Medicine
_bComputer Science
942 _cNB
999 _c239694
_d239694